| 000 | 01111cad a22002055a 4500 | ||
|---|---|---|---|
| 001 | L153870 | ||
| 008 | 110914s2011 xxk f 000 0 eng d | ||
| 035 | _a(Sirsi) u153870 | ||
| 041 | 0 | _aeng | |
| 110 | 2 |
_aDavis Langdon _94649 |
|
| 245 | 0 | 0 |
_aDatafile _bcost model _h[electronic resource] |
| 260 |
_aLondon _bDavis Langdon _c2011 |
||
| 520 | _aAsks whether PFI (private finance initiative) will be able to deliver to the public sector; reviews the performance of PFI projects and examines how the payment system works, as well as how it may develop in future. PFI development, anatomy of a PFI agreement, anatomy of a PFI unitary charge, do PFI projects deliver value for money? performance of PFI projects - areas for improvement. | ||
| 590 | _aKA | ||
| 651 | 4 |
_aUnited Kingdom _y |
|
| 690 | _aBUILT ENVIRONMENT-CONSTRUCTION MARKET | ||
| 690 | _aMANAGEMENT-BUSINESS MANAGEMENT-INFORMATION MANAGEMENT-KNOWLEDGE MANAGEMENT | ||
| 856 | 4 | 0 |
_uhttps://www.davislangdon.com/upload/StaticFiles/EME%20Publications/CostModels/PFI_CM_7Sep01.pdf _zView the report free of charge at www.davislangdon.com |
| 942 | _n0 | ||
| 999 |
_c112739 _d112739 |
||